Sports Quiz

Random Sports Quiz

The finnish KHL players Quiz Stats

 Plays Quiz not verified by Sporcle

Challenge
Share
Tweet
Embed
Score 0/21 Timer 06:00
0 Plays Today
Team Player % Correct
AK Bars KazanJarkko Immonen
79.5%
AK Bars KazanNiko Kapanen
77.1%
AK Bars KazanJanne Pesonen
56.6%
AK Bars KazanPetri Vehanen
54.2%
Dynamo MinskVille Peltonen
49.4%
Dynamo MoskovaLeo Komarov
48.2%
HK Metallurg MagnitogorskPetri Kontiola
43.4%
Avangard OmskLasse Kukkonen
39.8%
Avangard OmskKarri Rämö
34.9%
Dynamo Minsk, AK Bars KazanHannes Hyvönen
31.3%
Lada TogliattiAntti-Jussi Niemi
31.3%
Team Player % Correct
AK Bars KazanJukka Hentunen
24.1%
Dynamo MinskOssi Väänänen
24.1%
HK AtlantEsa Pirnes
20.5%
TsSKA MoskovaJussi Markkanen
14.5%
HK AtlantMikko Luoma
14.5%
AK Bars KazanFredrik Norrena
12%
Torpedo NovgorodMika Noronen
12%
Dynamo MinskJussi Makkonen
10.8%
Dynamo MinskMikko Jokela
10.8%
HK Metallurg MagnitogorskToni Koivisto
9.6%

You're not logged in!

Compare scores with friends on all Sporcle quizzes.
Join for Free
OR
Log In

You Might Also Like...

Show Comments

Extras

Created Jul 23, 2010ReportNominate

Top Quizzes Today


Score Distribution

Your Account Isn't Verified!

In order to create a playlist on Sporcle, you need to verify the email address you used during registration. Go to your Sporcle Settings to finish the process.

Report this User

Report this user for behavior that violates our Community Guidelines.

Details: